| 000 | 00000nam 2200000zi 4500 |
| 001 | 9.937060 |
| 003 | CaOODSP |
| 005 | 20250905095518 |
| 006 | m o d f |
| 007 | cr |n||||||||| |
| 008 | 240418e202308##onc ob f|0| 0 fre d |
| 040 | |aCaOODSP|bfre|erda|cCaOODSP |
| 043 | |an-cn--- |
| 086 | 1 |aRv55-8/14-1-9-2023F-PDF |
| 245 | 00|aRenseignements ayant trait à l’acceptation, à l’exécution et au renouvellement des engagements dans les enquêtes sur le dumping et le subventionnement. |
| 250 | |a[Édition d'août 2023]. |
| 264 | 1|aOttawa : |b[Agence des services frontaliers du Canada], |caoût 2023. |
| 300 | |a1 ressource en ligne (18 pages non numérotées). |
| 336 | |atexte|btxt|2rdacontent/fre |
| 337 | |ainformatique|bc|2rdamedia/fre |
| 338 | |aressource en ligne|bcr|2rdacarrier/fre |
| 490 | 1 |aMémorandum, |x2369-2405 ; |vD14-1-9 |
| 500 | |aPublié aussi en anglais sous le titre : Information pertaining to the acceptance, enforcement and renewal of undertakings in dumping and subsidy investigations. |
| 500 | |a« Mémorandum(s) précédent(s), D14-1-9 daté le 17 juillet 2017. » |
| 504 | |aComprend des références bibliographiques (page [17]). |
| 650 | 6|aDumping|zCanada. |
| 650 | 6|aSubventions à l'exportation. |
| 710 | 2 |aAgence des services frontaliers du Canada, |eorganisme de publication. |
| 775 | 08|tInformation pertaining to the acceptance, enforcement and renewal of undertakings in dumping and subsidy investigations.|w(CaOODSP)9.937057 |
| 794 | |tRenseignements ayant trait à l'acceptation, à l'exécution et au renouvellement des engagements dans les enquêtes sur le dumping et le subventionnement.|b[Édition de 21 octobre 2024]|w(CaOODSP)9.954861 |
| 830 | #0|aMémorandum (Agence des services frontaliers du Canada)|vD14-1-9.|w(CaOODSP)9.816826 |
| 856 | 40|qPDF|s369 Ko|uhttps://publications.gc.ca/collections/collection_2024/asfc-cbsa/Rv55-8-14-1-9-2023-fra.pdf |